Estadísticas para 50 Países más Grandes en el Mapa Mundial

Haz click aquí para tomar la prueba!

Estadísticas generales

  • Esta prueba ha sido tomada 3.786 veces
  • La puntuación promedio es 41 de 50

Respuestas en el mapa

Las respuestas están codificadas por una escala verde-roja en el mapa de la prueba según el % correcto abajo.
Cargando...
 

Estadísticas de respuestas

Respuesta% Correcto
Rusia
97%
Argentina
96%
China
96%
Estados Unidos
96%
Brasil
96%
Australia
96%
México
95%
Canadá
95%
India
95%
Chile
92%
Perú
91%
Indonesia
90%
Sudáfrica
90%
Venezuela
90%
Mongolia
90%
Bolivia
90%
Francia
89%
Madagascar
89%
Arabia Saudita
88%
Colombia
88%
Turquía
87%
Egipto
87%
Ucrania
86%
Argelia
85%
Kazajistán
85%
Yemen
82%
Tailandia
81%
Irán
81%
Libia
81%
Somalia
78%
Pakistán
77%
Afganistán
76%
R. D. Congo
76%
Sudán
76%
Rep. Cen.
Africana
75%
Etiopía
72%
Mauritania
71%
Chad
70%
Mozambique
70%
Sudan del Sur
70%
Nigeria
69%
Angola
68%
Myanmar
68%
Malí
67%
Namibia
67%
Botsuana
66%
Kenia
66%
Níger
65%
Tanzania
62%
Zambia
61%

Distribución de puntuación

Porcentaje por número respondido

Porcentaje de gente con cada puntuación

Historial de tus puntuaciones

No has tomado esta prueba